Normal view
MARC view
Entry Personal Name
001 - CONTROL NUMBER
- control field: 1237112
003 - CONTROL NUMBER IDENTIFIER
- control field: OSt
005 - DATE AND TIME OF LATEST TRANSACTION
- control field: 20260430150317.0
008 - FIXED-LENGTH DATA ELEMENTS
- fixed length control field: 260430|| aca||aabn | a|a d
040 ## - CATALOGING SOURCE
- Original cataloging agency: OSt
- Transcribing agency: OSt
100 ## - HEADING--PERSONAL NAME
- Personal name: Hor Abbas Ali Au.; Hashmi S.A. Gu
670 ## - SOURCE DATA FOUND
- Source citation: Work cat.: (OSt)1849479: Hor Abbas Ali Au.; Hashmi S.A. Gu., High Performance Carbon Supercapacitors Based on Lonic Liquid Incorporated Redox-Active Gel Polymer Electrolytes, 2023
